000 02850cam a2200757 a 4500
001 23471
003 VRT
005 20260624110928.0
008 240318s2016 xo a b 000 0dslo
015 _aSNBA2017/02
020 _a9788089793129
_q(viaz.)
035 _aurn:nbn:sk:snk-am00cwhe
035 _aurn:nbn:sk:snk-am3hn84
035 _a7C872FFA-CF98-4B7A-AC17-C2D0BB51B4F0
039 9 _a202403182249
_bVLOAD
_c202308141054
_dAUTHORITY
_c202308141042
_dAUTHORITY
_c202001151611
_dVLOAD
040 _aSVKBB
_bslo
_cSVKBB
_dSNK
_eAACR2
041 1 _aslo
_heng
044 _axo
_cSK
072 7 _a27-4
_xPraktická teológia. Morálna teológia
_2konspekt
072 7 _a0/9-053.2
_xLiteratúra pre deti a mládež (náučná)
_2konspekt
080 _a27-184
_22011
080 _a316.346.2-055.15
_22011
080 _a27
_22011
080 _a27-423.79
_22011
080 _a316.472.4
_22011
080 _a17.02
_22011
080 _a27-277.2
_22011
080 _a(0:82-6)
_22011
080 _a(0.05)
_22011
100 1 _aShepherd, Sheri Rose,
_d1961-
_4aut
240 1 0 _aHis mighty warrior
_lSlovensky
245 1 0 _aMocnému bojovníkovi
_bdrahocenné listy od Kráľa
_cSheri Rose Shepherd ; ilustrovala: Lisa Marie Browning ; [preklad: Eva Pelzlová]
260 _aBratislava
_bChristian Project Support
_cc2016
300 _a108 s.
_bfareb. ilustr.
_c21 cm
500 _aBiografické údaje
500 _aPreložené z angličtiny
650 0 7 _aBoh a človek
_2SNKPH
650 0 7 _achlapci
_xkresťanské chápanie
_2SNKPH
650 0 7 _akresťanská láska
_2SNKPH
650 0 7 _ainterpersonálne vzťahy
_xkresťanské chápanie
_2SNKPH
650 0 7 _aživotná múdrosť
_2SNKPH
650 0 7 _abiblické citáty
_2SNKPH
650 0 7 _aRelations between God and man
_2SNKPHeng
650 0 7 _aBoys
_xChristian approach
_2SNKPHeng
650 0 7 _aChristian love
_2SNKPHeng
650 0 7 _aInterpersonal relations
_xChristian approach
_2SNKPHeng
650 0 7 _aLife wisdom
_2SNKPHeng
650 0 7 _aBiblical quotations
_2SNKPHeng
655 7 _afiktívna korešpondencia
_2SNKPH
655 7 _aImaginary letters
_2SNKPHeng
655 7 _apublikácie pre deti a mládež
_2SNKPH
655 7 _aPublications for children and youth
_2SNKPHeng
700 1 _aBrowning, Lisa Marie
_4ill
700 1 _aSimo Pelzlová, Eva
_4trl
910 _asnk
910 _asavuk
910 _atotk
942 _2ddc
_cKLDE
_n0
949 _62889325685
_asavukPV 23954
_bsavuk2017/1761
949 _6273K0621087
_asvkpoA 235905
_bsvkpo617813
949 _6270001000553576
_asvkbbA 149852
_bsvkbbm 766514
949 _617A1252546
_asnkSC 172992
_bsnk2017/3265
_o244/17
_s6100:20170224
949 _617A1252545
_asnkSC 172992 D1
_bsnk2017/3266
_o244/17
949 _6273K0629174
_asvkpoA 237737
_bsvkpo623059
999 _c23471
_d23471